000 00855nam a2200241 i 4500
001 bg
100 1 _aGÓRNIOK, Oktawia
245 1 0 _aPrawo karne gospodarcze :
_bkomentarz /
_cOktawia Górniok.
250 _aStan prawny na dzień 30 czerwca 1997 r.
260 _aToruń :
_bTowarzystwo Naukowe Organizacji i Kierownictwa "Dom Organizatora",
_c1997.
300 _a223, [1] s. ;
_c21 cm.
500 _aStan prawny z uwzględnieniem Kodeksu Karnego obowiązującego od dnia 1 stycznia 1998 r.
504 _aBibliogr. s. 223-[224].
650 9 _aPrawo gospodarcze
_xzagadnienia
_zPolska
_ystan na 1997 r.
650 9 _aPrawo karne
_xzagadnienia
_zPolska
_ystan na 1997 r.
020 _a8386850604
040 _cBPK
041 0 _apl
080 _a343:346](438)
920 _a83-86850-60-4
942 _cKS
008 s pl f |000 0 pol
999 _c38287
_d38287
856 _uhttp://koha.tu.koszalin.pl/cgi-bin/koha/opac-detail.pl?biblionumber=38287
_yKatalog online BPK